| 000 | 00882nam0a2200289 4500 | ||
|---|---|---|---|
| 001 | RU\NLR\BIBL_A\022130186 | ||
| 005 | 20250625133011.0 | ||
| 010 | _95000 | ||
| 035 | _a(NLR Aleph) 022130186 | ||
| 090 |
_a13319848 _c13319848 |
||
| 100 | _a20240207d1960 |||y0rusy50 ca | ||
| 101 | 0 | _achv | |
| 102 | _aRU | ||
| 105 | _aa z 000 y | ||
| 181 | 0 |
_ai _baxxe |
|
| 182 | 0 | _an | |
| 200 | 1 |
_aАвтан тěкěсемлě çыру _fХуа Шань |
|
| 203 |
_aТекст _bвизуальный _cнепосредственный |
||
| 210 |
_aШупашкар _cЧăваш АССР Гос. изд-ви _d1960 |
||
| 215 |
_a51,[1] c. _cил. _d20 |
||
| 541 | 1 |
_aПисьмо с петушиными перьями _zrus |
|
| 686 | 1 | _aШ9(2)673=Чув.(5Я)-4 | |
| 700 | 0 |
_aХуа Шань _4070 |
|
| 852 |
_aNLR _bОНЛ _jЧув./2-2838 |
||
| 942 | _cBOOK | ||
| 980 | _aNB | ||